| 000 | 01945nam0a22003491 4500 | ||
|---|---|---|---|
| 001 | v19\rc\1671312 | ||
| 005 | 20260406003745.0 | ||
| 035 | _a(NLR Aleph) 005229849 | ||
| 090 |
_a5593602 _c5593602 |
||
| 100 | _a20061002e18931893|||y0rusy50 ca | ||
| 101 | 0 | _arus | |
| 102 | _aRU | ||
| 105 | _ay z ||||| | ||
| 200 | 1 |
_aИстория экономического быта Великого Новгорода _eИсслед. А.И. Никитского _e(Посмерт. изд.) _e[Печатано под наблюдением чл.-соревнователя А.А. Гоздаво-Голомбиовского] |
|
| 210 |
_aМосква _cУнив. тип. _d1893 |
||
| 215 |
_aXX, 307 с. _d26 |
||
| 300 | _aПредисл.: Алексей Харизоменов | ||
| 311 | _aИз "Чтений в О-ве истории и древностей рос. при Моск. ун-те". 1893, кн. 1, 2 | ||
| 488 | 0 |
_12001#$aЧтения в Обществе истории и древностей российский при Московском университете$v1893, кн. 1, 2 _tЧтения в Обществе истории и древностей российский при Московском университете |
|
| 700 | 1 |
_8rus _7ca _aНикитский _bА. И. _cисторик _f1842-1886 _gАлександр Иванович _3RU\NLR\AUTH\77113278 _996203 |
|
| 702 | 1 |
_4570 _8rus _7ca _aГоломбиевский _bА. А. _f1863-1913 _gАлександр Александрович _3RU\NLR\AUTH\77113281 _996206 |
|
| 702 | 1 |
_aХаризоменов _bА. _gАлексей _4080 |
|
| 801 | 0 |
_aRU _bNLR _c20061002 _gpsbo |
|
| 801 | 0 |
_aRU _bRuMoRGB _c20061002 _2psbo |
|
| 801 | 1 |
_aRU _bProSoft-M _c20061002 _2rusmarc |
|
| 801 | 2 |
_aRU _bNLR _c20120625 _2rusmarc |
|
| 852 |
_aNLR _j18.233.7.46 |
||
| 852 |
_aNLR _bДом Плеханова _jВ 4372 |
||
| 852 |
_aNLR _bМф _jК1/4943 |
||
| 942 | _cBOOK | ||
| 980 | _aNB | ||